Sports Quiz

Random Sports or NFL Quiz
Score 0/57 Timer 10:00
0 Plays Today
% Correct
Aaron Rodgers
100%
Maurice Jones-Drew
92.9%
LeSean McCoy
91.1%
Rob Gronkowski
85.7%
Drew Brees
82.1%
Wes Welker
79.5%
Larry Fitzgerald
79.5%
Ray Rice
78.6%
Arian Foster
76.8%
Darrelle Revis
75.9%
Jimmy Graham
74.1%
Jason Peters
73.2%
Von Miller
71.4%
Terrell Suggs
70.5%
Victor Cruz
69.6%
Justin Smith
68.8%
Patrick Willis
68.8%
Justin Smith
68.8%
Ed Reed
68.8%
Maurkice Pouncey
67.9%
Jason Pierre-Paul
67.9%
Troy Polamalu
67.9%
NaVorro Bowman
66.1%
John Kuhn
65.2%
Calvin Johnson
64.3%
Geno Atkins
64.3%
Jared Allen
63.4%
Charles Woodson
63.4%
Devin Hester
63.4%
% Correct
Haloti Ngata
62.5%
DeMarcus Ware
61.6%
Marshal Yanda
61.6%
Vince Wilfork
60.7%
Joe Thomas
59.8%
Sebastian Janikowski
59.8%
Joe Staley
58.9%
Andy Lee
57.1%
Eric Weddle
56.3%
Nick Mangold
54.5%
Shane Lechler
53.6%
Ryan Kalil
50.9%
Brian Cushing
50%
Vonta Leach
48.2%
Duane Brown
48.2%
Tamba Hali
46.4%
Johnathan Joseph
46.4%
Earl Thomas
45.5%
Jahri Evans
44.6%
Logan Mankins
40.2%
London Fletcher
39.3%
Patrick Peterson
38.4%
David Akers
35.7%
Derrick Johnson
33.9%
Richard Seymour
32.1%
Carl Nicks
25%
Carlos Rogers
22.3%
Jason Babin
19.6%
Remove Ads.
Support Sporcle.
Get the best of Sporcle when you Go Orange. This ad-free experience offers more features, more stats, and more fun while also helping to support Sporcle. Thank you for becoming a member.

You're not logged in!

Compare scores with friends on all Sporcle quizzes.
OR
Log In

Show Comments

Extras

Created Dec 9, 2018ReportNominate
Tags:NFL Quiz, NFL Player

Top Quizzes Today


Score Distribution

Your Account Isn't Verified!

In order to create a playlist on Sporcle, you need to verify the email address you used during registration. Go to your Sporcle Settings to finish the process.

Report this User

Report this user for behavior that violates our Community Guidelines.

Details: